000 00796nam a2200241 a 4500
005 20240910064258.0
008 991125s1990 mx 000 0 spa u
020 _a9682435935
035 _aUPN01000016214
049 _aCG
050 4 _aLB1049
_bD3.38 1990
100 1 _aDavis, Robert H.
245 1 0 _aDiseño de sistemas de aprendizaje :
_bun enfoque del mejoramiento de la instrucción /
_cRobert H. Davis, Lawrence T. Alexander, Stephen Yelon ; tr. Carmen Corona de Alba.
250 _a2a ed.
260 _aMéxico :
_bTrillas,
_c1990.
300 _a403 p.
650 2 _aAprendizaje
_xMetodología
_95523
650 4 _aAprendizaje
_92861
650 4 _aMétodos de estudio
_94280
700 1 _aAlexander, Lawrence T.,
_ecoaut.
700 1 _aYelón, Stephen L.,
_ecoaut.
905 _aLibro
999 _c16214
_d16214